Your perfect presentation : speak in front of any audience anytime anywhere and never be nervous again.
| Main Author: | |
|---|---|
| Format: | Book |
| Published: |
New York:
McGraw-Hill Education,
2014.
|
| Subjects: |
| LEADER | 00521cam a2200157 7i4500 | ||
|---|---|---|---|
| 001 | 0000032252 | ||
| 005 | 20150730090000.0 | ||
| 020 | 0 | 0 | |a 9780071825009 |
| 090 | 0 | 0 | |a B 808.51 |b HOO |
| 100 | 1 | 0 | |a Hoogterp, Bill |
| 245 | 1 | 0 | |a Your perfect presentation : |b speak in front of any audience anytime anywhere and never be nervous again. |
| 260 | 0 | 0 | |a New York: |b McGraw-Hill Education, |c 2014. |
| 300 | # | # | |a 269 pages. |
| 650 | 0 | 0 | |a Public speaking |
| 650 | 0 | 0 | |a Business presentations |
| 999 | |a B000036019 |b Book |c Book |e Business Information Centre | ||


